Local self-government in England, Wales and Scotland : (Record no. 609)

MARC details
000 -LEADER
fixed length control field 00527cam a2200181ua 4500
008 - FIXED-LENGTH DATA ELEMENTS--GENERAL INFORMATION
fixed length control field 110412n ii |||gr||||Z||||||eng
040 ## - CATALOGING SOURCE
Transcribing agency MAIN
082 ## - DEWEY DECIMAL CLASSIFICATION NUMBER
Classification number 352.042
245 1# - TITLE STATEMENT
Title Local self-government in England, Wales and Scotland :
Remainder of title A comparative study /
Statement of responsibility, etc. by B.C. Rai
250 ## - EDITION STATEMENT
Edition statement 1st.
260 ## - PUBLICATION, DISTRIBUTION, ETC.
Place of publication, distribution, etc. Lucknow:
Name of publisher, distributor, etc. Prakashan kendra,968.
300 ## - PHYSICAL DESCRIPTION
Extent 112p:0cm.
700 ## - ADDED ENTRY--PERSONAL NAME
Personal name Rai, B.C.,
Relator term
942 ## - ADDED ENTRY ELEMENTS (KOHA)
Koha item type Books
653 ## - INDEX TERM--UNCONTROLLED
Uncontrolled term Political science
653 ## - INDEX TERM--UNCONTROLLED
Uncontrolled term local self-government in England, Wales and Scotland
Holdings
Withdrawn status Lost status Damaged status Not for loan Home library Current library Shelving location Date acquired Total Checkouts Full call number Barcode Date last seen Copy number Price effective from Koha item type
        Central Library, Naharkatiya College Central Library, Naharkatiya College   19/09/2020   352.042 | RAI 1179 19/09/2020 2 19/09/2020 Books
        Central Library, Naharkatiya College Central Library, Naharkatiya College   19/09/2020   352.042 | RAI 1180 19/09/2020 1 19/09/2020 Books

Naharkatiya College © 2020. All rights reserved.

Powered By